| 000 | 00434nam a2200181Ia 4500 | ||
|---|---|---|---|
| 001 | 21611 | ||
| 003 | IN-NITTTR | ||
| 005 | 20251114233245.0 | ||
| 008 | 251113s9999||||xx |||||||||||||| ||eng|| | ||
| 040 | _beng | ||
| 040 | _cIN-NITTTR | ||
| 041 | _aeng | ||
| 082 | _a673 R212E | ||
| 100 | _aSridhar, R. | ||
| 245 | 0 |
_aExtraction of nonferrous metals / _cSridhar, R., Abraham, K. P. |
|
| 700 | _a Abraham, K. P. | ||
| 942 |
_2ddc _cBK |
||
| 999 |
_c24241 _d24241 |
||